Dokážeme zachrániť planétu Zem? (Record no. 23153)
[ view plain ]
| 000 -NÁVESTIE | |
|---|---|
| fixed length control field | 00211nam a22000857a 4500 |
| 005 - DÁTUM A ČAS POSLEDNEJ TRANSAKCIE | |
| control field | 20220308134106.0 |
| 008 - ÚDAJE S PEVNOU DĹŽKOU – VŠEOBECNÉ INFORMÁCIE | |
| fixed length control field | 220308b ||||| |||| 00| 0 eng d |
| 040 ## - ZDROJ KATALOGIZÁCIE | |
| Prepisujúca agentúra | rda |
| 245 ## - NÁZOV | |
| Názov | Dokážeme zachrániť planétu Zem? |
| Stav stiahnutia (Blokovanie) (Withrawn status) | Stav straty | Zdroj klasifikácie pre skladovanie | Stav poškodenia (Damaged status) | Nie pre výpožičky (Not for loan) | Spôsob nadobudnutia (Collection code) | Trvalé umiestnenie | Aktuálne umiestnenie | Dátum nadobudnutia | Inventárne číslo (prírastkové číslo) | Celkom výpožičky | Celkom prolongácie (predĺženia) | Full call number | Čiarový kód | Dátum posledného výskytu | Dátum poslednej výpôžičky | Cena s účinnosťou od | Typ jednotky Koha |
|---|---|---|---|---|---|---|---|---|---|---|---|---|---|---|---|---|---|
| Dar | Mestská knižnica Giraltovce | Mestská knižnica Giraltovce | 2022-03-08 | 21500 | 3 | 3 | S1506 | S1506 | 2023-07-06 | 2023-06-15 | 2022-03-08 | Odborná literatúra pre dospelých |